000 00337nam a2200133Ia 4500
005 20251222140055.0
008 251222s1900||||xx |||||||||||||| ||spa||
020 _a8474906121
082 _a194/P45
100 _aPérez de Laborda, Alfonso
245 0 _aLa Filosofía de Pierre Teilhard de Chardin:
264 _bEncuentro
942 _cLIB
999 _c3737
_d3737